| 000 | 00441nam a22001697a 4500 | ||
|---|---|---|---|
| 003 | MACL | ||
| 005 | 20160211120953.0 | ||
| 008 | 160211b xxu||||| |||| 00| 0 eng d | ||
| 040 | _cMACL | ||
| 041 | _aHindi | ||
| 082 | _a620 | ||
| 100 |
_aTheraja B.L. _937804 |
||
| 245 | _aElectrical, Electronics And Telecommunication Engineering | ||
| 260 |
_aNew Delhi _bS. Chand & Company _c1982 |
||
| 650 |
_aEngineering _937805 |
||
| 942 |
_2ddc _cBK |
||
| 999 |
_c53281 _d53281 |
||